Państwa najbliższe Macedonii Północnej - sprint jednominutowy - Statystyki

Ogólne statystyki
  • Ten quiz został rozwiązany 93 razy
  • Średni wynik to 14 z 20
Statystyki odpowiedzi
km Państwo % Poprawnych
0 Kosowo
94%
0 Grecja
92%
0 Albania
91%
0 Serbia
91%
179 Chorwacja
88%
169 Rumunia
88%
274 Turcja
88%
0 Bułgaria
86%
434 Węgry
80%
79 Czarnogóra
76%
577 Słowenia
76%
183 Bośnia i Hercegowina
74%
204 Włochy
71%
648 Słowacja
65%
Mołdawia
62%
739 Polska
61%
575 Ukraina
59%
635 Austria
52%
695 San Marino
23%
666 Watykan
21%
Nie znaleziono quizów pasujących do podanych kryteriów
Rozkład punktacji
Procent ludzi z każdym wynikiem
Percentyl według liczby udzielonych odpowiedzi
Twoja historia wyników
Nie rozwiązałeś tego quizu